Softvérové riešenie vybraných úloh teórie hier diplomová práca

Salvato in:
Dettagli Bibliografici
Autore principale: Zdarilek, Ján
Ente Autore: Fakulta hospodárskej informatiky EU. Katedra operačného výskumu a ekonometrie
Altri autori: Čičková, Zuzana, 1978-
Natura: Libro
Lingua:slovacco
Pubblicazione: Bratislava 2022
Tags: Aggiungi Tag
Nessun Tag, puoi essere il primo ad aggiungerne!!

MARC

LEADER 00000nbm a2200000 4500
001 0286002
005 20230123093013.0
041 0 |a slo 
044 |a SK 
245 1 0 |a Softvérové riešenie vybraných úloh teórie hier  |b diplomová práca  |c Ján Zdarilek ; školiteľ: Zuzana Čičková 
264 1 |a Bratislava  |c 2022 
300 |a 52 s. 
100 1 |a Zdarilek, Ján 
700 1 |a Čičková, Zuzana, 1978- 
710 2 |a Fakulta hospodárskej informatiky EU. Katedra operačného výskumu a ekonometrie